|
|
|
|
| LEADER |
00000nam0a2200000 4500 |
| 001 |
281979 |
| 005 |
20231101235444.0 |
| 020 |
|
|
|a RU
|b 84-71326
|
| 035 |
|
|
|a (RuTPU)RU\TPU\book\305846
|
| 090 |
|
|
|a 281979
|
| 100 |
|
|
|a 20150127d1984 m y0rusy5003 ca
|
| 101 |
0 |
|
|a rus
|
| 102 |
|
|
|a RU
|
| 105 |
|
|
|a a z 001zy
|
| 200 |
1 |
|
|a Корабли Октября
|f В. П. Кусков
|
| 210 |
|
|
|a Ленинград
|c Лениздат
|d 1984
|
| 215 |
|
|
|a 192 с.
|c ил.
|
| 320 |
|
|
|a Библиогр.: с. 190-191
|
| 606 |
1 |
|
|a Военно-морской флот
|2 stltpush
|3 (RuTPU)RU\TPU\subj\3260
|9 31706
|
| 610 |
1 |
|
|a история
|
| 610 |
1 |
|
|a Октябрьская революция 1917
|
| 610 |
1 |
|
|a корабли
|
| 610 |
1 |
|
|a 20 век
|
| 610 |
1 |
|
|a Аврора
|
| 610 |
1 |
|
|a Балтийский флот
|
| 610 |
1 |
|
|a военные моряки
|
| 610 |
1 |
|
|a Великая Отечественная война 1941-1945
|
| 610 |
1 |
|
|a миноносцы
|
| 686 |
|
|
|a Ц66
|2 rubbk
|
| 700 |
|
1 |
|a Кусков
|b В. П.
|g Вячеслав Петрович
|
| 801 |
|
0 |
|a RU
|b RuMRKP
|c 19950704
|g psbo
|
| 801 |
|
1 |
|a RU
|b 63413507
|c 20150127
|
| 801 |
|
2 |
|a RU
|b 63413507
|c 20170328
|g RCR
|
| 942 |
|
|
|c BK
|